|
|
|
|
| LEADER |
00000nam0a2200000 4500 |
| 001 |
92791 |
| 005 |
20231101213840.0 |
| 020 |
|
|
|a RU
|b 89-73964
|
| 035 |
|
|
|a (RuTPU)RU\TPU\book\99396
|
| 090 |
|
|
|a 92791
|
| 100 |
|
|
|a 20060320d1989 k y0rusy5003 ca
|
| 101 |
0 |
|
|a rus
|
| 102 |
|
|
|a KG
|
| 105 |
|
|
|a a z 001zy
|
| 200 |
1 |
|
|a Термодинамика неорганических соединений
|e сборник научных трудов
|f Фрунзенский политехнический ин-т; под ред. М. Б. Баткибековой; Т. Ш. Джунушалиевой
|
| 210 |
|
|
|a Фрунзе
|c ФПИ
|d 1989
|
| 215 |
|
|
|a 73 с.
|c ил.
|
| 320 |
|
|
|a Библиография в конце статей
|
| 606 |
1 |
|
|a Неорганические вещества
|x Термодинамические свойства
|2 stltpush
|3 (RuTPU)RU\TPU\subj\45451
|9 64681
|
| 610 |
1 |
|
|a неорганические соединения
|
| 610 |
1 |
|
|a термодинамика
|
| 610 |
1 |
|
|a термохимия
|
| 610 |
1 |
|
|a аддукты хлоридов
|
| 610 |
1 |
|
|a термическая устойчивость
|
| 610 |
1 |
|
|a теплоемкость
|
| 675 |
|
|
|a 546.03
|v 3
|
| 702 |
|
1 |
|a Баткибекова
|b М. Б.
|4 340
|
| 702 |
|
1 |
|a Джунушалиева
|b Т. Ш.
|4 340
|
| 712 |
0 |
2 |
|a Фрунзенский политехнический институт (ФПИ)
|c (1954-1992)
|2 stltpush
|3 (RuTPU)RU\TPU\col\123
|
| 801 |
|
0 |
|a RU
|b RuMRKP
|c 19950417
|g psbo
|
| 801 |
|
1 |
|a RU
|b 63413507
|c 20060320
|g PSBO
|
| 801 |
|
2 |
|a RU
|b 63413507
|c 20190617
|g PSBO
|
| 942 |
|
|
|c BK
|